[Event "Warsaw Chess Open - A"]
[Site "Warszawa"]
[Date "1899-12-30"]
[Round "2.9"]
[White "Kiolbasa, Oliwia"]
[Black "Pultinevicius, Paulius"]
[Result "0-1"]
[WhiteTitle "WIM"]
[BlackTitle "GM"]
[WhiteElo "2255"]
[BlackElo "2492"]

1. e4 c6 2. d4 d5 3. e5 Bf5 4. Nf3 e6 5. Be2 Nd7 6. O-O a6 7. Nbd2 Bg6 8. Nb3 c5
9. dxc5 Bxc5 10. Nxc5 Nxc5 11. Be3 Nd7 12. c4 dxc4 13. Bxc4 Ne7 14. Rc1 O-O 15.
h3 h6 16. Qe2 Nc6 17. Rfd1 Qe7 18. Bf4 Nb6 19. Bb3 Rad8 20. a3 Rxd1+ 21. Rxd1
Na5 22. Ba2 Rc8 23. Bd2 Nc6 24. Bf4 Na4 25. Rd6 Nc5 26. Nd2 b5 27. Qf3 Qc7 28.
Nb3 Ne4 29. Rd1 a5 30. Bb1 Ng5 31. Qe3 Bxb1 32. Rxb1 a4 33. Nd4 Nxd4 34. Qxd4
Rd8 35. Qe3 Qc2 36. Rc1 Qxb2 37. h4 Nh7 38. Qb6 Rf8 39. Qd6 h5 40. Be3 Qe2 41.
Rb1 Rc8 42. Qd7 Rb8 43. Qd6 Ra8 44. Qc6 Rd8 45. Rxb5 Nf8 46. Rb7 Qa2 47. Qxa4
Ng6 48. Bg5 Qa1+ 49. Kh2 Rd1 50. Qa5 Rh1+ 51. Kg3 Qg1 52. Rb8+ Kh7 53. Qa8 Qh2+
54. Kf3 Re1 55. Rb5 Nxe5+ 56. Rxe5 Qxe5 57. a4 f6 58. Bf4 Qe2+ 0-1

[Event "Warsaw Chess Open - A"]
[Site "Warszawa"]
[Date "1899-12-30"]
[Round "2.10"]
[White "Pacan-milej, Kosma"]
[Black "Rasti, Arvin"]
[Result "1-0"]
[WhiteTitle "FM"]
[BlackTitle ""]
[WhiteElo "2421"]
[BlackElo "2248"]

1. d4 Nf6 2. c4 g6 3. Nc3 Bg7 4. e4 d6 5. h3 O-O 6. Be3 e5 7. d5 Na6 8. g4 Nc5
9. f3 a5 10. Qd2 Ne8 11. O-O-O f5 12. exf5 gxf5 13. Nge2 Nf6 14. Ng3 e4 15. g5
Nfd7 16. f4 Nb6 17. Nh5 Bh8 18. Rg1 Kf7 19. Be2 Bd7 20. Kb1 Be8 21. Bd4 Ke7 22.
Bxh8 Rxh8 23. Qd4 Rf8 24. Nf6 Bg6 25. h4 1-0

[Event "Warsaw Chess Open - A"]
[Site "Warszawa"]
[Date "1899-12-30"]
[Round "2.11"]
[White "Karwowski, Kacper"]
[Black "Nguyen, Piotr"]
[Result "1/2-1/2"]
[WhiteTitle "CM"]
[BlackTitle "IM"]
[WhiteElo "2243"]
[BlackElo "2411"]

1. Nf3 f5 2. g3 Nf6 3. Bg2 g6 4. O-O Bg7 5. d4 O-O 6. c4 d6 7. Nc3 Qe8 8. b3 Na6
9. Ba3 c6 10. Qd3 Rb8 11. e4 b5 12. e5 b4 13. exf6 Bxf6 14. Bc1 e5 15. Ne2 e4
16. Qc2 exf3 17. Bxf3 g5 18. Bb2 Bd7 19. Rae1 Qg6 20. Bg2 Qg7 21. f4 g4 22. Rb1
Nc7 23. Qd2 Rfe8 24. d5 Bxb2 25. Qxb2 cxd5 26. cxd5 Nb5 27. Rfc1 Rbc8 28. Qxg7+
Kxg7 29. Kf2 Rxe2+ 30. Kxe2 Nc3+ 31. Kd2 Nxb1+ 32. Rxb1 Rc5 33. Rc1 Kf6 34. Rc4
a5 35. Rxc5 dxc5 36. Bf1 Ke7 37. Kc2 Kd6 38. Bc4 Be8 39. Kb2 h5 40. a4 Bf7 41.
Kc1 Bxd5 42. Kb2 Bxc4 43. bxc4 Ke5 1/2-1/2

[Event "Warsaw Chess Open - A"]
[Site "Warszawa"]
[Date "1899-12-30"]
[Round "2.12"]
[White "Fus, Jakub"]
[Black "Kubicka, Anna"]
[Result "1-0"]
[WhiteTitle "FM"]
[BlackTitle "WIM"]
[WhiteElo "2403"]
[BlackElo "2210"]

1. Nf3 d5 2. d4 Nf6 3. e3 e6 4. b3 Be7 5. Bb2 O-O 6. Bd3 b6 7. O-O Bb7 8. Nbd2
Nbd7 9. Qe2 c5 10. Rad1 Rc8 11. Ne5 cxd4 12. exd4 Nxe5 13. dxe5 Nd7 14. Nf3 Nc5
15. Nd4 Nxd3 16. Qxd3 Bb4 17. f4 Qc7 18. Rf2 Bc5 19. Kh1 Qd7 20. Qg3 f5 21. exf6
Rxf6 22. Re1 Rg6 23. Qd3 Bxd4 24. Bxd4 Rf8 25. h3 Rh6 26. Re3 Qf7 27. Kh2 Bc8
28. Rg3 Rg6 29. Rff3 Bd7 30. Be5 Qf5 31. Rxg6 hxg6 32. Qa6 Qxc2 33. Qxa7 Rf7 34.
Qxb6 Qxa2 35. Qd8+ Kh7 36. Rg3 Qa3 37. Qh4+ Kg8 38. Rxg6 Qe7 39. Qg3 Bb5 40. Qg4
Bd3 41. Rxe6 Qd7 42. Rd6 Qxg4 43. hxg4 Be4 44. g5 g6 45. Rd8+ Rf8 46. Rxf8+ Kxf8
47. b4 Bd3 48. g4 Ke7 49. Kg3 Ke6 50. Kf3 Ba6 51. Ke3 Bb5 52. Bf6 Bf1 53. Kd4
Bh3 54. f5+ gxf5 55. gxf5+ Bxf5 56. Kc5 Bd3 57. Bc3 Be4 58. b5 Kd7 59. Be5 Kc8
60. Kd6 Kb7 61. Bd4 Bd3 62. b6 Bf5 63. Ke5 Bd7 64. g6 Be8 65. Kf6 1-0

[Event "Warsaw Chess Open - A"]
[Site "Warszawa"]
[Date "1899-12-30"]
[Round "2.13"]
[White "Shilov, Sergej"]
[Black "Rajlich, Iweta"]
[Result "0-1"]
[WhiteTitle "FM"]
[BlackTitle "IM"]
[WhiteElo "2197"]
[BlackElo "2393"]

1. c4 c5 2. Nc3 g6 3. g3 Bg7 4. Bg2 Nc6 5. Nf3 d6 6. O-O Bg4 7. h3 Bd7 8. e3 Qc8
9. Kh2 Ne5 10. Nxe5 dxe5 11. Rb1 h5 12. b4 Nf6 13. bxc5 Qxc5 14. Qb3 h4 15. g4
e4 16. Nd5 Nxd5 17. cxd5 f5 18. Ba3 Qb6 19. Qc2 Be5+ 20. Kh1 Qa6 21. Qb3 Rd8 22.
f4 exf3 23. Bxf3 Rf8 24. gxf5 Bxf5 25. d6 Bxd6 26. Bxd6 Bxb1 27. Qxb1 Rxd6 28.
Kg2 Rxd2+ 29. Kg1 Qd6 0-1

[Event "Warsaw Chess Open - A"]
[Site "Warszawa"]
[Date "1899-12-30"]
[Round "2.14"]
[White "Szotkowski, Jakub"]
[Black "Chomczyk, Marek"]
[Result "0-1"]
[WhiteTitle "IM"]
[BlackTitle "k++"]
[WhiteElo "2366"]
[BlackElo "2194"]

1. d4 Nf6 2. c4 e6 3. g3 Bb4+ 4. Bd2 Be7 5. Bg2 d5 6. Nf3 O-O 7. O-O c6 8. Qc2
Nbd7 9. Bf4 b6 10. Nc3 dxc4 11. Nd2 Nd5 12. Nxc4 Nxf4 13. gxf4 Bb7 14. Rfd1 Qc7
15. e3 Rac8 16. Rac1 g6 17. Ne5 Nxe5 18. dxe5 Rfd8 19. Rxd8+ Qxd8 20. Rd1 Qc7
21. Ne4 Rd8 22. Nf6+ Kf8 23. Nxh7+ Kg7 24. Ng5 Bxg5 25. fxg5 Rxd1+ 26. Qxd1 Qxe5
27. Qd7 Ba6 28. Qxa7 Qa5 29. h4 Qe1+ 30. Kh2 Qxf2 31. Qxa6 Qxh4+ 32. Kg1 Qe1+
33. Qf1 Qxe3+ 34. Qf2 Qc1+ 35. Kh2 Qxg5 36. Qd4+ e5 37. Qc3 c5 38. Bd5 Qf4+ 39.
Kg2 f5 40. a4 Kf6 41. b3 Qg4+ 42. Kf2 Qd1 43. Bf3 Qd6 44. a5 bxa5 45. Qxa5 Qd4+
46. Kf1 Kg5 47. Qe1 Qf4 48. Kg2 e4 49. Bd1 Qd6 50. Bc2 Qf4 51. Bd1 Kf6 52. Be2
Qe3 53. Qd1 Ke5 54. Bc4 Qd4 55. Qe2 g5 56. Qh5 Qd2+ 57. Kf1 Kf4 58. Qh3 Qd1+ 59.
Kf2 Qf3+ 60. Qxf3+ exf3 61. Bd5 g4 62. Bc6 g3+ 63. Kf1 Ke3 64. Bb7 c4 0-1

[Event "Warsaw Chess Open - A"]
[Site "Warszawa"]
[Date "1899-12-30"]
[Round "2.15"]
[White "Rudolf, Michal"]
[Black "Wikar, Martyna"]
[Result "1/2-1/2"]
[WhiteTitle "FM"]
[BlackTitle "k++"]
[WhiteElo "2359"]
[BlackElo "2168"]

1. e4 c5 2. Nf3 d6 3. d4 cxd4 4. Qxd4 Nc6 5. Bb5 Bd7 6. Qd3 Rc8 7. Nc3 Nf6 8. Bg5
h6 9. Bh4 e6 10. O-O Be7 11. Rad1 a6 12. Ba4 b5 13. Bb3 Qc7 14. Rfe1 Ne5 15. Nxe5
dxe5 16. a4 b4 17. Nb1 a5 18. f3 Bc6 19. Bf2 O-O 20. Nd2 Nd7 21. Nc4 Nc5 22. Bxc5
Bxc5+ 23. Kh1 Rfd8 24. Qe2 Bd4 25. c3 bxc3 26. bxc3 Bxc3 27. Rxd8+ Rxd8 28. Rc1
Bb4 29. Qb2 Rd4 30. Qc2 Bb7 31. h3 Ba6 32. Ne3 Qa7 33. Ng4 Rd2 34. Qc6 h5 35.
Qe8+ Kh7 36. Bxe6 Qe7 37. Bf5+ g6 38. Bc8 hxg4 39. Qxe7 Bxe7 40. Bxa6 Bg5 41.
Rb1 gxf3 42. gxf3 Bf4 43. Rb7 Kh6 44. Rxf7 Kg5 45. Rg7 Bg3 46. Rf7 Bh2 47. Rg7
Kf4 48. Rxg6 Kxf3 49. Rb6 Bf4 50. Rb3+ Kf2 51. Rb1 Be3 52. Rg1 Kf3 53. Re1 Bd4
54. Rb1 Ra2 55. Bb5 Rc2 56. h4 Kg3 57. Rb3+ Bc3 58. Kg1 Kxh4 59. Bd3 Bd4+ 60.
Kf1 Ra2 61. Bb5 Kg4 62. Ke1 Kf4 63. Bc6 Be3 64. Rb7 Bf2+ 65. Kd1 Ke3 66. Rd7 Ra1+
1/2-1/2

[Event "Warsaw Chess Open - A"]
[Site "Warszawa"]
[Date "1899-12-30"]
[Round "2.16"]
[White "Sieciechowicz, Marcin"]
[Black "Lee, Hyo"]
[Result "1/2-1/2"]
[WhiteTitle "IM"]
[BlackTitle ""]
[WhiteElo "2386"]
[BlackElo "1712"]

1. d4 Nf6 2. c4 g6 3. Nc3 Bg7 4. e4 d6 5. Nf3 O-O 6. Be2 e5 7. O-O Nc6 8. d5 Ne7
9. Ne1 Nd7 10. Be3 f5 11. f3 f4 12. Bf2 g5 13. Rc1 Rf6 14. c5 Nxc5 15. b4 Na6
16. Nd3 Rh6 17. Be1 Qe8 18. Nf2 Bd7 19. Qb3 Rg6 20. a4 h5 21. h3 Kh8 22. Qa3 Ng8
23. Nb5 Qd8 24. Bd2 Nf6 25. Rc2 g4 26. fxg4 hxg4 27. hxg4 Nxg4 28. Nxg4 Bxg4 29.
Bxg4 Rxg4 30. Nxc7 Rg3 31. Qc1 Nxc7 32. Rxc7 Qg5 33. Rc8+ Rxc8 34. Qxc8+ Kh7 35.
Rf2 Qg6 36. Qc2 Qh5 37. Bc1 Bh6 38. a5 f3 39. Bxh6 Kxh6 40. Qc1+ Kg6 41. Qc8 1/2-1/2

[Event "Warsaw Chess Open - A"]
[Site "Warszawa"]
[Date "1899-12-30"]
[Round "2.17"]
[White "Wojdak, Jan"]
[Black "Lewtak, Damian"]
[Result "0-1"]
[WhiteTitle "I++"]
[BlackTitle "IM"]
[WhiteElo "2014"]
[BlackElo "2380"]

1. e4 e6 2. d4 d5 3. Nd2 c5 4. exd5 Qxd5 5. Ngf3 cxd4 6. Bc4 Qd6 7. O-O Nf6 8.
Nb3 Nc6 9. Nbxd4 Nxd4 10. Nxd4 Be7 11. c3 O-O 12. Qf3 Qc7 13. Bb3 a5 14. a4 Bd7
15. Bf4 Bd6 16. Bxd6 Qxd6 17. Bc2 Qc7 18. Rfe1 Rfd8 19. Rad1 Rab8 20. Qe2 Qc5
21. Qe5 Qxe5 22. Rxe5 b6 23. Bb3 Be8 24. Ree1 Rd6 25. Nb5 Rxd1 26. Rxd1 Bxb5 27.
axb5 Kf8 28. Rd6 Ke7 29. Rc6 Kd7 30. f3 Ne8 31. Ba4 Nd6 32. c4 Nc8 33. c5 Ne7
34. Rd6+ Kc7 35. Kf2 bxc5 36. Ra6 Nd5 37. Rxa5 Kb7 38. Bc2 Kb6 39. Ra6+ Kxb5 40.
Ra7 Kc6 41. Ba4+ Kd6 42. Rxf7 Rxb2+ 43. Kg3 g5 44. Rg7 Nf4 45. Rxg5 e5 46. Kh4
Nxg2+ 47. Kh5 Nf4+ 48. Kh6 Rxh2+ 0-1

[Event "Warsaw Chess Open - A"]
[Site "Warszawa"]
[Date "1899-12-30"]
[Round "2.18"]
[White "Piotrowski, Pawel"]
[Black "Mis, Mieszko"]
[Result "0-1"]
[WhiteTitle "I++"]
[BlackTitle "FM"]
[WhiteElo "2027"]
[BlackElo "2361"]

1. d4 Nf6 2. c4 e6 3. g3 d5 4. Nf3 dxc4 5. Bg2 c6 6. O-O b5 7. Ne5 Bb7 8. Nc3 a6
9. a4 Be7 10. axb5 axb5 11. Rxa8 Bxa8 12. Nxb5 cxb5 13. Bxa8 O-O 14. Bf3 Nd5 15.
Bd2 f6 16. Ng4 Nc6 17. e4 Nc7 18. Bc3 b4 19. e5 bxc3 20. Bxc6 cxb2 21. Qd2 Qb8
22. Rb1 Qb6 23. exf6 gxf6 24. Ba4 Rb8 25. Bc2 f5 26. Ne5 Qb5 27. Qc3 Nd5 28. Qxc4
Bf6 29. Qa2 Bxe5 30. dxe5 Kg7 31. h4 Rb7 32. Qa3 Qb4 33. Qa6 Rc7 34. Qd3 Rb7 35.
Qa6 Rc7 36. Qd3 Rc3 37. Qe2 Qd4 38. Kg2 Rc7 39. Bxf5 exf5 40. Rxb2 Re7 41. f4
Ne3+ 42. Kh3 Qe4 43. Qa6 Ng4 44. Rh2 h5 45. Qd6 Qb7 46. Qd1 Nxh2 47. Qxh5 Nf3
48. Qxf5 Qd7 49. Kg4 Nh2+ 50. Kg5 Re6 51. h5 Qe7+ 0-1

[Event "Warsaw Chess Open - A"]
[Site "Warszawa"]
[Date "1899-12-30"]
[Round "2.19"]
[White "Szustakowski, Antoni"]
[Black "Harazinska, Magdalena"]
[Result "1-0"]
[WhiteTitle "FM"]
[BlackTitle "WFM"]
[WhiteElo "2260"]
[BlackElo "2034"]

1. b3 c5 2. Bb2 Nc6 3. e3 e6 4. Nf3 Nf6 5. c4 Be7 6. Be2 O-O 7. O-O b6 8. d4 cxd4
9. Nxd4 Nxd4 10. Qxd4 Bb7 11. Nc3 Bc5 12. Qd3 Qe7 13. e4 d5 14. cxd5 exd5 15.
exd5 Nxd5 16. Nxd5 Bxd5 17. Qg3 f5 18. Rae1 Bb4 19. Bc4 Bxe1 20. Bxd5+ Kh8 21.
Bxa8 Rxa8 22. Bxg7+ Qxg7 23. Rxe1 Qxg3 24. hxg3 Rc8 25. f3 Rc7 26. Re5 Rf7 27.
Kf2 Kg7 28. Ke3 Rc7 29. Rd5 Kg6 30. Kf4 Rf7 31. a4 Rf6 32. Rd7 a5 33. Ke5 h5 34.
Rd6 Rxd6 35. Kxd6 Kg5 36. Ke5 f4 37. gxf4+ Kh4 38. g4 1-0

[Event "Warsaw Chess Open - A"]
[Site "Warszawa"]
[Date "1899-12-30"]
[Round "3.1"]
[White "Heberla, Bartlomiej"]
[Black "Janik, Igor"]
[Result "1/2-1/2"]
[WhiteTitle "GM"]
[BlackTitle "IM"]
[WhiteElo "2559"]
[BlackElo "2500"]

1. e4 c6 2. d4 d5 3. e5 Bf5 4. h4 h5 5. Bd3 Bxd3 6. Qxd3 Qa5+ 7. Nd2 e6 8. Ngf3
Nh6 9. O-O Nf5 10. c4 Nd7 11. b3 Bb4 12. Rd1 Rd8 13. a3 Be7 14. g3 O-O 15. Nf1
dxc4 16. Qxc4 Qd5 17. Qxd5 1/2-1/2

[Event "Warsaw Chess Open - A"]
[Site "Warszawa"]
[Date "1899-12-30"]
[Round "3.2"]
[White "Pultinevicius, Paulius"]
[Black "Chatalbashev, Boris"]
[Result "1-0"]
[WhiteTitle "GM"]
[BlackTitle "GM"]
[WhiteElo "2492"]
[BlackElo "2535"]

1. d4 d5 2. c4 Nc6 3. Nf3 Bg4 4. Nc3 e6 5. Bf4 Bxf3 6. gxf3 dxc4 7. e3 Bd6 8. Bg3
Nge7 9. Bxc4 O-O 10. a3 Ng6 11. Qc2 a6 12. Ne4 e5 13. dxe5 Ncxe5 14. Be2 f5 15.
Nxd6 Qxd6 16. Rd1 Qf6 17. f4 Nc6 18. h4 Kh8 19. h5 Nge7 20. Bh4 Qe6 21. Bc4 Qe4
22. Qxe4 fxe4 23. h6 gxh6 24. Rd7 Nf5 25. Rxc7 Rae8 26. Bd5 Nce7 27. Bxe7 Rxe7
28. Rxe7 Nxe7 29. Bxb7 a5 30. Rxh6 Ng6 31. Bxe4 Rb8 32. Bxg6 Kg7 33. Rxh7+ Kxg6
34. Ra7 Kf5 35. Rxa5+ Ke4 36. Ra4+ Kf3 37. f5 1-0

[Event "Warsaw Chess Open - A"]
[Site "Warszawa"]
[Date "1899-12-30"]
[Round "3.3"]
[White "Rozentalis, Eduardas"]
[Black "Pacan-milej, Kosma"]
[Result "1-0"]
[WhiteTitle "GM"]
[BlackTitle "FM"]
[WhiteElo "2520"]
[BlackElo "2421"]

1. e4 c6 2. Nc3 d5 3. Nf3 Bg4 4. h3 Bxf3 5. Qxf3 Nf6 6. Be2 e6 7. O-O dxe4 8. Nxe4
Nxe4 9. Qxe4 Qd5 10. d3 Qxe4 11. dxe4 Nd7 12. Rd1 Bc5 13. Kf1 O-O-O 14. Bg5 Nf6
15. Bf3 h6 16. Bf4 Rxd1+ 17. Rxd1 Rd8 18. Rxd8+ Kxd8 19. c3 Ke7 20. b4 Bb6 21.
g3 Nd7 22. Be2 a5 23. Bd2 axb4 24. cxb4 Bd4 25. Bd1 Ne5 26. Ke2 b5 27. Bb3 c5
28. bxc5 Bxc5 29. f4 Nc6 30. Kd3 Nb4+ 31. Kc3 Nc6 32. Bc1 Bf2 33. g4 Bc5 34. e5
f6 35. exf6+ gxf6 36. Kd3 f5 37. Bd2 Bd6 38. Be3 Bc7 39. Bc5+ Kf6 40. Ke3 e5 41.
fxe5+ Kxe5 42. gxf5 Kxf5 43. Bd1 Bf4+ 44. Kd3 Bc7 45. Ke3 Bf4+ 46. Kf2 Bd2 47.
Be2 b4 48. Bd1 Ne5 49. Ke2 Bc3 50. Be3 Kg6 51. Bc2+ Kh5 52. Kf2 Nc6 53. Kg3 Be5+
54. Kg2 Bc3 55. Bd1+ Kg6 56. Kf3 Ne5+ 57. Ke4 Nc4 58. Bf4 Bf6 59. Kd5 Nb2 60.
Bc2+ Kh5 61. Bd2 Kh4 62. Bxh6 Kxh3 63. Bd2 Be7 64. Be3 Kg4 65. Bd4 b3 66. axb3
Ba3 67. Bc5 Bxc5 68. Kxc5 Kf3 69. Kd4 1-0

[Event "Warsaw Chess Open - A"]
[Site "Warszawa"]
[Date "1899-12-30"]
[Round "3.4"]
[White "Rajlich, Iweta"]
[Black "Laurusas, Tomas"]
[Result "0-1"]
[WhiteTitle "IM"]
[BlackTitle "IM"]
[WhiteElo "2393"]
[BlackElo "2518"]

1. Nf3 d5 2. c4 d4 3. e3 c5 4. b4 Nf6 5. bxc5 Nc6 6. exd4 Nxd4 7. Bb2 e5 8. Nxd4
exd4 9. Be2 Bxc5 10. O-O O-O 11. d3 Re8 12. Nd2 Bf5 13. Nb3 b6 14. Bf3 Rc8 15.
Qd2 Qd6 16. Rad1 Bg4 17. Bxg4 Nxg4 18. g3 Ne5 19. Qf4 Qg6 20. Bxd4 Bxd4 21. Nxd4
Nxd3 22. Qf5 Nb2 23. Rc1 Nxc4 24. Qxg6 hxg6 25. Nb5 a6 26. Rxc4 Rxc4 27. Nd6 Ree4
28. h4 Kf8 29. Nxe4 Rxe4 30. Rb1 b5 31. Rb3 Ke7 32. Rd3 Re2 33. Ra3 Re6 34. Kg2
Kd7 35. Rf3 f6 36. Rf4 a5 37. Rg4 f5 38. Rd4+ Rd6 39. Rf4 Rd2 40. a3 Rd3 41. h5
Rxa3 42. hxg6 Ke6 43. Kf1 a4 44. Ke2 Rb3 45. g4 a3 46. gxf5+ Kf6 47. Rd4 a2 48.
Rd6+ Kxf5 49. Ra6 Rb2+ 0-1

[Event "Warsaw Chess Open - A"]
[Site "Warszawa"]
[Date "1899-12-30"]
[Round "3.5"]
[White "Teclaf, Pawel"]
[Black "Fus, Jakub"]
[Result "1/2-1/2"]
[WhiteTitle "IM"]
[BlackTitle "FM"]
[WhiteElo "2514"]
[BlackElo "2403"]

1. d4 d5 2. Bf4 e6 3. e3 Bd6 4. Bg3 Nf6 5. Nd2 O-O 6. Ngf3 c5 7. c3 Qc7 8. Bd3
Nbd7 9. Qc2 Rb8 10. c4 cxd4 11. Nxd4 Bxg3 12. hxg3 h6 13. cxd5 Qxc2 14. Bxc2 Nxd5
15. a3 N7b6 16. N2f3 Bd7 17. O-O-O Rfc8 18. e4 Nf6 19. Kb1 Nc4 20. Nd2 1/2-1/2

[Event "Warsaw Chess Open - A"]
[Site "Warszawa"]
[Date "1899-12-30"]
[Round "3.6"]
[White "Chyzy, Jakub"]
[Black "Sonis, Francesco"]
[Result "0-1"]
[WhiteTitle "FM"]
[BlackTitle "IM"]
[WhiteElo "2257"]
[BlackElo "2501"]

1. e4 c5 2. Nf3 d6 3. d4 cxd4 4. Nxd4 Nf6 5. Nc3 a6 6. Qf3 Nbd7 7. Be2 g6 8. Be3
h5 9. h3 h4 10. g4 hxg3 11. Qxg3 e5 12. Nf3 b5 13. Ng5 Qc7 14. O-O-O Bb7 15. f4
Rc8 16. Bd3 Nh5 17. Qf3 Nxf4 18. Bxf4 exf4 19. Qxf4 Ne5 20. Kb1 Bg7 21. Rc1 Qe7
22. Qg3 Bh6 23. Rcg1 Bxg5 24. Qxg5 Qxg5 25. Rxg5 Rh4 26. a4 b4 27. Nd5 Bxd5 28.
exd5 a5 29. Bb5+ Ke7 30. Rg3 f5 31. Rb3 g5 32. Rg1 Kf6 33. Bf1 Re4 0-1

[Event "Warsaw Chess Open - A"]
[Site "Warszawa"]
[Date "1899-12-30"]
[Round "3.7"]
[White "Chomczyk, Marek"]
[Black "Nguyen, Piotr"]
[Result "1/2-1/2"]
[WhiteTitle "k++"]
[BlackTitle "IM"]
[WhiteElo "2194"]
[BlackElo "2411"]

1. d4 d6 2. c4 e5 3. Nc3 Nd7 4. Nf3 Ngf6 5. g3 c6 6. e4 Qa5 7. Qe2 g6 8. Bg2 Bg7
9. O-O exd4 10. Nxd4 O-O 11. Rb1 Re8 12. b4 Qc7 1/2-1/2

[Event "Warsaw Chess Open - A"]
[Site "Warszawa"]
[Date "1899-12-30"]
[Round "3.8"]
[White "Lewtak, Damian"]
[Black "Szustakowski, Antoni"]
[Result "1/2-1/2"]
[WhiteTitle "IM"]
[BlackTitle "FM"]
[WhiteElo "2380"]
[BlackElo "2260"]

1. c4 e6 2. d4 Nf6 3. Nf3 d5 4. g3 dxc4 5. Qa4+ Nbd7 6. Bg2 a6 7. Qxc4 b5 8. Qc2
Bb7 9. O-O c5 10. a4 b4 11. a5 Rc8 12. dxc5 Bxc5 13. Qd1 e5 14. Ne1 Qc7 15. Nd2
O-O 16. Nb3 Rfd8 17. Nxc5 Nxc5 18. Qc2 Bxg2 19. Nxg2 Qb7 20. Be3 b3 21. Qb1 Ne6
22. Qf5 Qb5 23. f4 Rd5 24. fxe5 Rxe5 25. Qd3 Qxd3 26. exd3 Rc2 27. d4 Re4 28.
Ra3 Ng4 29. Rxb3 Rxg2+ 30. Kxg2 Nxe3+ 31. Kf3 Ng5+ 32. Kf2 Nh3+ 33. Kf3 Ng5+ 34.
Kf2 Ng4+ 35. Kg1 h5 36. h4 Nh3+ 37. Kg2 Re2+ 38. Kf3 Rd2 39. Ke4 Nf6+ 40. Ke3
Rg2 41. Kf3 Rd2 42. Ke3 1/2-1/2

[Event "Warsaw Chess Open - A"]
[Site "Warszawa"]
[Date "1899-12-30"]
[Round "3.9"]
[White "Mis, Mieszko"]
[Black "Karwowski, Kacper"]
[Result "1-0"]
[WhiteTitle "FM"]
[BlackTitle "CM"]
[WhiteElo "2361"]
[BlackElo "2243"]

1. d4 Nf6 2. c4 g6 3. g3 c5 4. dxc5 Qa5+ 5. Nc3 Qxc5 6. Qa4 Qc6 7. Nf3 Qxa4 8.
Nxa4 d6 9. Nc3 a6 10. Bg5 Nbd7 11. Bg2 Bg7 12. O-O O-O 13. Rfd1 h6 14. Be3 Ng4
15. Bd2 Nge5 16. b3 Nxf3+ 17. Bxf3 Ne5 18. Bg2 Rb8 19. Rac1 Bd7 20. Nd5 Rfe8 21.
Be3 Ng4 22. Ba7 Ra8 23. Bb6 Rab8 24. c5 dxc5 25. Bxc5 Bb5 26. a4 Bxe2 27. Rd2
b6 28. Bxe7 Rbc8 29. Rxc8 Rxc8 30. Rxe2 Rc1+ 31. Bf1 Bd4 32. Kg2 Rb1 33. Re4 1-0

[Event "Warsaw Chess Open - A"]
[Site "Warszawa"]
[Date "1899-12-30"]
[Round "3.10"]
[White "Lee, Hyo"]
[Black "Rudolf, Michal"]
[Result "0-1"]
[WhiteTitle ""]
[BlackTitle "FM"]
[WhiteElo "1712"]
[BlackElo "2359"]

1. e4 c6 2. d4 d5 3. Nd2 dxe4 4. Nxe4 Bf5 5. Ng3 Bg6 6. h4 h6 7. Nf3 e6 8. Ne5
Bh7 9. Bd3 Bxd3 10. Qxd3 Nd7 11. f4 Bb4+ 12. Bd2 Bxd2+ 13. Qxd2 Ngf6 14. O-O-O
O-O 15. Qe2 Qa5 16. Kb1 Rad8 17. Ne4 Nxe4 18. Qxe4 Nf6 19. Qe2 c5 20. dxc5 Qxc5
21. g4 Nd5 22. Qe4 Qe3 23. Qxe3 Nxe3 24. Rde1 Nd5 25. Nd3 Rd6 26. Rhf1 Rc8 27.
f5 Rc4 28. Ne5 Rf4 29. Rxf4 Nxf4 30. fxe6 Rxe6 31. Nf3 Rxe1+ 32. Nxe1 f5 33. gxf5
Kf7 34. c4 Kf6 35. Kc2 Kxf5 36. b4 Kg4 37. c5 Kxh4 38. Kc3 Kg3 39. Nd3 h5 40.
b5 Ne6 41. a4 h4 42. a5 h3 43. a6 bxa6 44. b6 axb6 45. cxb6 Nd8 46. Nc5 h2 47.
Ne6 Nb7 48. Kd4 0-1

[Event "Warsaw Chess Open - A"]
[Site "Warszawa"]
[Date "1899-12-30"]
[Round "3.11"]
[White "Wikar, Martyna"]
[Black "Jakubowski, Krzysztof"]
[Result "0-1"]
[WhiteTitle "k++"]
[BlackTitle "GM"]
[WhiteElo "2168"]
[BlackElo "2497"]

1. e4 c6 2. d4 d5 3. Nc3 dxe4 4. Nxe4 Nf6 5. Nxf6+ exf6 6. Nf3 Bd6 7. Bd3 O-O 8.
O-O Bg4 9. h3 Bh5 10. c3 Nd7 11. Be3 Re8 12. Re1 Nf8 13. b4 Bc7 14. Bf1 f5 15.
Be2 Ng6 16. Qd3 Qd6 17. Qxf5 Bxf3 18. Bxf3 Qh2+ 19. Kf1 Nf4 20. g3 g6 21. Qf6
Re6 22. Qh4 Nxh3 23. Bg4 Qg1+ 24. Ke2 Qxf2+ 25. Kd3 Rxe3+ 26. Rxe3 Nf4+ 27. Kc4
Qxe3 28. gxf4 Qxf4 29. Qh3 Qg5 30. Rh1 h5 31. Bf3 a5 0-1

[Event "Warsaw Chess Open - A"]
[Site "Warszawa"]
[Date "1899-12-30"]
[Round "3.12"]
[White "Goslawski, Michal"]
[Black "Sieciechowicz, Marcin"]
[Result "1/2-1/2"]
[WhiteTitle "k+"]
[BlackTitle "IM"]
[WhiteElo "2174"]
[BlackElo "2386"]

1. d4 Nf6 2. c4 g6 3. Nf3 Bg7 4. g3 d5 5. cxd5 Nxd5 6. Bg2 Nb6 7. O-O Nc6 8. Nc3
Nxd4 9. Nxd4 Qxd4 10. Qc2 c6 11. a4 O-O 12. a5 Nd5 13. Nxd5 cxd5 14. Rd1 Qc4 15.
Qxc4 dxc4 16. a6 Rb8 17. axb7 Bxb7 18. Rxa7 Bxg2 19. Kxg2 e6 20. Rc7 Rfc8 21.
Rxc8+ Rxc8 22. Rd7 Be5 23. f4 Bf6 24. Rb7 h5 25. h3 Bg7 26. Rb4 Bf8 27. Ra4 Bg7
28. Rb4 c3 29. bxc3 Bxc3 30. Rb3 e5 31. Be3 exf4 32. gxf4 Bg7 1/2-1/2

[Event "Warsaw Chess Open - A"]
[Site "Warszawa"]
[Date "1899-12-30"]
[Round "3.13"]
[White "Alvarado, Carlos"]
[Black "Szotkowski, Jakub"]
[Result "0-1"]
[WhiteTitle "I"]
[BlackTitle "IM"]
[WhiteElo "2152"]
[BlackElo "2366"]

1. e4 c6 2. d4 d5 3. exd5 cxd5 4. Bd3 Nc6 5. c3 Qc7 6. Ne2 Bg4 7. h3 Bxe2 8. Bxe2
e6 9. Nd2 Nf6 10. Bd3 Bd6 11. Qe2 h6 12. Nf3 O-O-O 13. Bd2 Kb8 14. O-O-O Nb4 15.
Bb1 Rc8 16. a3 Nc6 17. Rhe1 Na5 18. Ba2 Qb6 19. Ne5 Rc7 20. f3 Rhc8 21. Qd3 Nb3+
22. Bxb3 Qxb3 23. Qc2 Qa2 24. Nd3 Nd7 25. Bf4 Bxf4+ 26. Nxf4 Nb6 27. Nd3 a5 28.
Nc5 Rxc5 29. dxc5 Rxc5 30. Rd4 Nc4 31. Qb1 Qb3 32. Qc2 Qb6 33. a4 e5 34. Rg4 h5
35. Rg5 Qh6 36. f4 f6 37. Qf2 Rc8 38. Rg3 exf4 39. Rd3 f3+ 40. Kc2 Ne5 41. Rxe5
fxe5 42. Qxf3 Qc6 43. Qxd5 Qxa4+ 44. Kb1 Re8 45. Rf3 Qc6 46. Qxc6 bxc6 47. Rf5
Kc7 48. Rxh5 Kd6 49. Kc2 Rf8 50. Rg5 Rf7 51. b3 Rb7 52. h4 Kd5 53. Kd3 Rxb3 54.
Rxg7 e4+ 55. Kc2 Kc4 56. h5 Rxc3+ 57. Kd2 Rd3+ 58. Ke2 a4 59. g4 a3 60. h6 Rh3
61. g5 a2 62. Ra7 Rh5 63. Rxa2 Rxg5 64. Ra4+ Kd5 65. Ke3 Rg3+ 66. Kf4 Rh3 67.
Ra1 Rxh6 68. Rd1+ Kc4 69. Kxe4 Re6+ 70. Kf5 Re3 71. Kf4 Rc3 72. Ke4 c5 73. Rb1
Rc2 74. Ke3 Kc3 75. Rb8 c4 76. Rb7 Rb2 77. Rc7 Rh2 78. Rb7 Kc2 79. Rc7 c3 80.
Rc8 Rh7 81. Rc6 Re7+ 82. Kd4 Kd2 0-1

[Event "Warsaw Chess Open - A"]
[Site "Warszawa"]
[Date "1899-12-30"]
[Round "3.14"]
[White "Goraj, Barbara"]
[Black "Fargac, Martin"]
[Result "1/2-1/2"]
[WhiteTitle "WCM"]
[BlackTitle "FM"]
[WhiteElo "2076"]
[BlackElo "2320"]

1. e4 e5 2. Nf3 Nc6 3. Bb5 a6 4. Ba4 Nf6 5. O-O Bc5 6. d3 d6 7. c3 O-O 8. h3 Ne7
9. Re1 Ng6 10. d4 Ba7 11. Nbd2 b5 12. Bc2 Bb7 13. Nf1 Re8 14. Ng3 h6 15. a4 Bb6
16. b4 a5 17. dxe5 dxe5 18. axb5 axb4 19. Rxa8 Qxa8 20. cxb4 Rd8 21. Qe2 Qa2 22.
Nf5 Kh7 23. Kh2 Bc8 24. Rd1 Rxd1 25. Qxd1 Be6 26. Ne3 Ne8 27. Bd2 Nd6 28. Bd3
Nc4 29. Nxc4 Bxc4 30. Be3 Bxe3 31. fxe3 Be6 32. Qc1 Qf2 33. Qd2 Qxd2 34. Nxd2
Kg8 35. Bc4 Bxc4 36. Nxc4 Kf8 37. g3 Ke7 38. Kg2 f6 39. Kf3 Nf8 40. Ke2 Nd7 41.
g4 Nb6 42. Nd2 Kd7 43. Kd3 Kd6 44. Nf3 Ke6 45. Nh4 Ke7 46. Nf5+ Kf7 47. Kc3 Kf8
1/2-1/2

[Event "Warsaw Chess Open - A"]
[Site "Warszawa"]
[Date "1899-12-30"]
[Round "3.15"]
[White "Choroszej, Aleksander"]
[Black "Antolak, Julia"]
[Result "0-1"]
[WhiteTitle "k"]
[BlackTitle "WIM"]
[WhiteElo "2052"]
[BlackElo "2309"]

1. d4 Nf6 2. c4 e6 3. Nc3 Bb4 4. f3 c5 5. d5 O-O 6. e4 d6 7. Nge2 a6 8. Ng3 exd5
9. cxd5 Nbd7 10. Be2 b5 11. O-O c4 12. Be3 Bc5 13. Bxc5 Nxc5 14. b4 cxb3 15. axb3
b4 16. Na4 Nxa4 17. Rxa4 Qb6+ 18. Kh1 Bd7 19. Ra1 Rfc8 20. Qd2 a5 21. Rfc1 Rxc1+
22. Qxc1 Rc8 23. Qg1 Rc5 24. f4 Qc7 25. Bf3 h6 26. h3 Rc3 27. Rb1 Bb5 28. Kh2
Bd3 29. Rb2 Bc2 30. Qf2 Bxb3 31. Nf5 Ne8 32. Qh4 a4 33. e5 a3 34. Re2 Bc2 35.
exd6 Nxd6 36. Nxh6+ gxh6 37. Qxh6 Rxf3 38. gxf3 Bg6 39. h4 Qc3 40. f5 Qxf3 0-1